Macroeconomics/ (Record no. 651)
[ view plain ]
| 000 -LEADER | |
|---|---|
| fixed length control field | 00391nam a22001697a 4500 |
| 003 - CONTROL NUMBER IDENTIFIER | |
| control field | BD-DhUIB |
| 005 - DATE AND TIME OF LATEST TRANSACTION | |
| control field | 20251103191753.0 |
| 008 - FIXED-LENGTH DATA ELEMENTS--GENERAL INFORMATION | |
| fixed length control field | 251103b |||||||| |||| 00| 0 eng d |
| 040 ## - CATALOGING SOURCE | |
| Original cataloging agency | BD-DhUIB |
| Transcribing agency | BD-DhUIB |
| 050 ## - LIBRARY OF CONGRESS CALL NUMBER | |
| Classification number | 339 |
| 082 ## - DEWEY DECIMAL CLASSIFICATION NUMBER | |
| Edition number | 22 |
| 100 ## - MAIN ENTRY--PERSONAL NAME | |
| Personal name | Mankiw, N. Gregory. |
| 9 (RLIN) | 2 |
| 245 ## - TITLE STATEMENT | |
| Title | Macroeconomics/ |
| Statement of responsibility, etc. | by Mankiw N. Gregory. |
| 250 ## - EDITION STATEMENT | |
| Edition statement | 8th ed. |
| 526 ## - STUDY PROGRAM INFORMATION NOTE | |
| Program name | BBA. |
| 942 ## - ADDED ENTRY ELEMENTS (KOHA) | |
| Source of classification or shelving scheme | Dewey Decimal Classification |
| Koha item type | Books |
| Withdrawn status | Lost status | Source of classification or shelving scheme | Damaged status | Not for loan | Collection code | Home library | Current library | Shelving location | Date acquired | Source of acquisition | Total Checkouts | Full call number | Barcode | Date last seen | Date last checked out | Copy number | Price effective from | Koha item type |
|---|---|---|---|---|---|---|---|---|---|---|---|---|---|---|---|---|---|---|
| Dewey Decimal Classification | Non-fiction | IBA Library | IBA Library | General Stacks | 07/27/2025 | Purchase | 1 | 339 M266m | 00051497 | 02/08/2026 | 11/03/2025 | C-1 | 11/03/2025 | Books |
